000
00298nam a22001457a 4500
008
210426b ||||| |||| 00| 0 eng d
020
_a
0471040827
041
_a
eng
080
_a
541
082
_a
541
100
_a
12
101
_a
KIM
245
_a
Soil Chemistry
_c
Bohn,H
942
_2
udc
_c
BK
999
_c
56791
_d
56791